Daňové raje bakalárska práca

Salvato in:
Dettagli Bibliografici
Autore principale: Kmeťová, Jana
Ente Autore: Obchodná fakulta EU. Katedra medzinárodného obchodu
Altri autori: Baumgartner, Boris
Natura: Libro
Lingua:slovacco
Pubblicazione: Bratislava 2010
Tags: Aggiungi Tag
Nessun Tag, puoi essere il primo ad aggiungerne!!

MARC

LEADER 00000nam$a2200000$$$4500
001 0134114
005 20240320074029.4
041 0 |a slo 
044 |a SK 
245 1 0 |a Daňové raje  |b bakalárska práca  |c Jana Kmeťová ; školiteľ: Boris Baumgartner 
264 1 |a Bratislava  |c 2010 
300 |a 38 s. 
100 1 |a Kmeťová, Jana 
700 1 |a Baumgartner, Boris 
710 2 |a Obchodná fakulta EU. Katedra medzinárodného obchodu